|
|
|
|
| LEADER |
00000nam a22000007a 4500 |
| 005 |
20161025144940.0 |
| 007 |
cr|||| ||u| |
| 008 |
161025s2010 Bl |||||o|||| 001 0 Por d |
| 020 |
|
|
|a 978-85-7456-264-3
|
| 035 |
|
|
|a 14406
|
| 040 |
|
|
|a vLex
|
| 090 |
|
|
|c 6317
|d 6317
|
| 100 |
1 |
|
|a Fiker, Još
|
| 245 |
1 |
|
|a Linguagem do laudo pericial
|h [Recurso electrn̤ico] :
|b Tčnicas de comunicaȯ̂ e persuasô /
|c Jos ̌Fiker.
|
| 256 |
|
|
|a Servicio en ln̕ea
|
| 260 |
|
|
|a Sô Paulo:
|b LEUD,
|c 2010.
|
| 300 |
|
|
|a 1 Recurso electrn̤ico
|
| 506 |
1 |
|
|a Disponible en los productos indicados
|d vLex Global
|d vLex Global (Academic Edition, excluding Law Schools)
|d vLex Global (U.S. Academic Edition, Law Schools)
|d vLex Global (U.S. Academic Edition, excluding Law Schools)
|d vLex Global (Academic Edition, Law Schools)
|
| 650 |
0 |
4 |
|a Derecho procesal
|z Brasil
|
| 740 |
0 |
|
|a vLex libros (servicio en ln̕ea)
|
| 856 |
4 |
0 |
|u http://vlex.com/source/linguagem-do-laudo-pericial-tecnicas-de-comunica-o-e-persuas-o-14406
|z Acceso restringido
|
| 942 |
|
|
|c BOOK
|
| 999 |
0 |
|
|a Procedure law
|